| 000 | 02843nam a22005057a 4500 | ||
|---|---|---|---|
| 999 |
_c6581 _d6581 |
||
| 003 | OSt | ||
| 005 | 20260303105539.0 | ||
| 008 | 190228c xxut||p| |||| 00| 0 spa d | ||
| 020 | _a9789873048555 | ||
| 040 | _cPJ | ||
| 245 | 1 | 0 |
_aRevista de derecho privado y comunitario : _bpersona y entorno digital / _cHéctor Alegría, Jorge Mosset Iturraspe directores. |
| 260 |
_aSanta Fé : _bRubinzal-Culzoni, _c2024. |
||
| 300 |
_a856 p. _c22 cm. |
||
| 310 | _acuatrimestral | ||
| 362 | _aNo. 1 (2024) | ||
| 505 |
_tHumanismo y tecnología / _r Edgardo Ignacio Saux. |
||
| 505 |
_tLa protección a las mujeres en la era digital. ley Olimpia / _rGraciela Medina. |
||
| 505 |
_tLa personalidad pretérita. estado de la cuestión y alcances / _rLuis F. P. Leiva Fernández. |
||
| 505 |
_tDiscapacidad y entornos digitales. su impacto en el derecho a la imagen / _rJuan Pablo Olmo y Marcela Lorena Sasso. |
||
| 505 |
_tAdultos mayores y brecha digital. una cuenta pendiente / _rVerónica Knavs. |
||
| 505 |
_tMedidas preventivas ante la violencia digital / _rSandra F. Veloso. |
||
| 505 |
_tLos derechos personalísimos en entornos digitales. el derecho al honor / _rNoemí Lidia Nicolau. |
||
| 505 |
_tLa imagen digital de los menores de edad / _rLuis Daniel Crovi. |
||
| 505 |
_tLa violencia de género contra la mujer en la era digita / _rIgnacio González Magaña. |
||
| 505 |
_tRealidad digital y herencia - nuevas formas de expresar la voluntad / _r Iván G. Di Chiazza. |
||
| 505 |
_tEl panóptico digital: ¿es el reconocimiento facial automatizado de las emociones la última frontera a nuestra privacidad? / _r María Celeste Colombo. |
||
| 505 |
_tSesgos algorítmicos y discriminación: necesidad de una regulación con perspectiva de derechos humanos / _rMaría Paula Ponto iero. |
||
| 505 |
_tAcoso escolar (“bullying”), entorno digital y responsabilidad de los establecimientos educativos / _rHoracio Roitman. |
||
| 505 |
_tTecnologías digitales, disrupción e impacto en niñas, niños y adolescentes / _rAdriana N. Krasnow. |
||
| 505 |
_tObligaciones / _rAlberto J. Bueres.- Colaborador: Carlos Reyna. |
||
| 505 |
_tContratos / _rRicardo Luis Lorenzetti y Gonzalo Sozzo. |
||
| 505 |
_tDerechos reales / _rLeopoldo L. Peralta Mariscal. |
||
| 505 |
_tFamilias / _rAída Kemelmajer. |
||
| 505 |
_tSucesiones / _r Graciela Medina. |
||
| 505 |
_tConcursos / _rJosé A. Di Tullio. |
||
| 505 |
_tSeguros / _rHoracio Roitman. |
||
| 505 |
_tSociedades / _rHéctor Alegria. |
||
| 505 |
_tDerecho cambiario / _r Iván G. Di Chiazza. |
||
| 505 |
_tDerechos humanos / _rGraciela Medina. |
||
| 650 | 0 |
_94023 _aNUEVAS TECNOLOGIAS DE INFORMACION |
|
| 650 | 0 |
_9281 _aINTERNET |
|
| 700 |
_91076 _aAlegria, Héctor _edirector |
||
| 700 |
_9528 _aMosset Iturraspe, Jorge _edirector |
||
| 942 |
_2udc _cPP _h347.1(05) _iREV |
||